[Event "2015  Server Team - Div 3, S53999"]
[Site "CCLA"]
[Date "2015.10.30"]
[Round "?"]
[White "Hardwick, Martin E."]
[Black "Selby, Robin"]
[Result "1-0"]
[WhiteElo "1456"]
[BlackElo "1190"]
[Board "6"]
[WhiteTeam "BCCA Bishops"]
[BlackTeam "Canadian Snowbirds"]

1. d4 d5 2. Nf3 Nc6 3. Bf4 g6 4. e3 Nf6 5. Be2 Bg7 6. Nbd2 O-O 7. O-O a6 
8. c4 b6 9. Ne5 Bb7 10. Nxc6 Bxc6 11. Nf3 e6 12. Qc2 a5 13. c5 Rb8 14. 
cxb6 Qd7 15. Rfc1 Rxb6 16. Ne5 Qe8 17. Nxc6 Rxc6 18. Qxc6 Qxc6 19. Rxc6 
Rc8 20. Rxc7 Rxc7 21. Bxc7 h5 22. Bxa5 Bf8 23. Rb1 g5 24. b4 Bd6 25. b5 g4
26. a4 Bb8 27. Bd8 Nd7 28. a5 f5 29. b6 Kf8 30. Bc7 h4 31. Bb5 Ke8 32. 
Bxd7+ Kxd7 33. Bxb8 Kc8 34. Bc7 Kb7 35. Rc1 Ka6 36. Rc5 h3 37. gxh3 gxh3 
38. f3 Kb7 39. Kf2 Kc8 40. a6 1-0

[Event "2015 REGULAR QUAD, S50129"]
[Site "CCLA"]
[Date "2015.03.27"]
[Round "?"]
[White "Lyons, Brenda M."]
[Black "Wilhite, Timothy"]
[Result "0-1"]
[WhiteElo "1221"]
[BlackElo "1223"]

1. d4 d5 2. Nf3 Nf6 3. Bf4 Nc6 4. Nc3 Bf5 5. e3 e6 6. Bb5 Bb4 7. Bxc6+ 
bxc6 8. O-O O-O 9. Be5 Bd6 10. Bxd6 cxd6 11. h3 e5 12. dxe5 Re8 13. exf6 
Qxf6 14. Rc1 Rab8 15. Rb1 Rbd8 16. Nd4 Qg6 17. Nxf5 Qxf5 18. Qd3 Qxd3 19. 
cxd3 c5 20. Nxd5 Re5 21. e4 a5 22. a3 Rc8 23. b3 Rce8 0-1

[Event "2015 REGULAR QUAD, S50129"]
[Site "CCLA"]
[Date "2015.03.27"]
[Round "?"]
[White "Lines, Daniel"]
[Black "Wilhite, Timothy"]
[Result "1-0"]
[WhiteElo "1415"]
[BlackElo "1223"]

1. d4 d5 2. Nf3 Nf6 3. Bf4 Nc6 4. Nc3 Bf5 5. e3 e6 6. Ne5 Nxe5 7. Bxe5 Be7
8. Bd3 O-O 9. Bxf6 Bxf6 10. Bxf5 exf5 11. O-O Re8 12. Qf3 Qd6 13. Qxd5 
Rad8 14. Qxf5 Qe6 15. Qxe6 Rxe6 16. f3 Rxe3 17. Rfe1 Rxe1+ 18. Rxe1 Rxd4 
19. Re8# 1-0

[Event "2015 Regular Quad, S50039"]
[Site "CCLA"]
[Date "2015.02.02"]
[Round "?"]
[White "Metz, Edward"]
[Black "Williams, Rufus H."]
[Result "1-0"]
[WhiteElo "1397"]
[BlackElo "1309"]

1. d4 d5 2. Bf4 Nf6 3. Nf3 Bg4 4. Ne5 e6 5. h3 Bf5 6. a3 Bd6 7. Nd2 O-O 8.
 c3 Ne4 9. Nxe4 Bxe4 10. e3 Nc6 11. Qg4 Nxe5 12. dxe5 Be7 13. Bh6 Bg6 14. 
Bf4 c6 15. Rd1 c5 16. Bd3 c4 17. Bxc4 Qa5 18. Bd3 Bxd3 19. Rxd3 Qa4 20. 
Rd4 Qc2 21. Bh6 Qg6 22. Qxg6 fxg6 23. Bf4 b5 24. O-O h6 25. Rc1 Rac8 26. 
b4 a6 27. Bh2 h5 28. e4 dxe4 29. Rxe4 Rc4 30. Rxc4 bxc4 31. Rd1 Rd8 32. 
Rxd8+ Bxd8 33. Bf4 Bc7 34. h4 Kf7 35. Bh2 Ke7 36. f3 Kd7 37. g4 Kc6 38. 
gxh5 gxh5 39. Kf2 Kd5 40. f4 Kc6 41. a4 g6 42. Kf3 Kd5 43. a5 Bd8 44. Bg3 
Bc7 45. Bf2 Bb8 46. Bb6 Kc6 47. Ke4 Bc7 48. Bxc7 Kxc7 49. Kd4 Kc6 50. Kxc4
Kb7 51. Kc5 Kc7 52. c4 Kb7 53. Kd6 1-0

[Event "2015 NA Class D Ch - Rd 1 Sect 2, S50121"]
[Site "CCLA"]
[Date "2015.04.27"]
[Round "?"]
[White "Lyons, Brenda M."]
[Black "Gunning, Edward E."]
[Result "0-1"]
[WhiteElo "1221"]
[BlackElo "1443"]

1. d4 d5 2. Nf3 Nf6 3. Bf4 Nc6 4. Nc3 g6 5. Nb5 e5 6. Bxe5 Bb4+ 7. c3 Ba5 
8. Qd2 Nxe5 9. Nxe5 c6 10. Na3 O-O 11. e3 Ne4 12. Qc2 Bf5 13. Bd3 Qh4 14. 
Nf3 Qxf2+ 15. Qxf2 Nxf2 16. Kxf2 Bxd3 17. Rhd1 Be4 18. b4 Bc7 19. Kg1 f6 
20. Nb1 Bxf3 21. gxf3 Rae8 22. Re1 f5 23. f4 Bxf4 24. Kg2 Bxe3 25. Kf3 f4 
0-1

[Event "2015  Server Team - Div 3, S53999"]
[Site "CCLA"]
[Date "2015.10.30"]
[Round "?"]
[White "Hardwick, Martin E."]
[Black "Simonson, Jay"]
[Result "0-1"]
[WhiteElo "1456"]
[BlackElo "1349"]
[Board "6"]
[WhiteTeam "BCCA Bishops"]
[BlackTeam "Idaho Mountaineers"]

1. d4 d5 2. Nf3 Nf6 3. Bf4 g6 4. e3 Bg7 5. Be2 O-O 6. O-O Nc6 7. Nbd2 Bf5 
8. c4 dxc4 9. Bxc4 Nb4 10. Bb3 Nd3 11. Rb1 Nxf4 12. exf4 Bxb1 13. Nxb1 e6 
14. a3 Ne4 15. Nbd2 Nxd2 16. Qxd2 Qd6 17. Rd1 Rad8 18. Ba4 Qd5 19. Qc3 Rd6
20. Bb3 Qe4 21. Bc2 Qe2 22. Qxc7 Rb6 23. Re1 Qb5 24. Rb1 Rc6 25. Qd7 a6 
26. Be4 Rb6 27. Qxb5 Rxb5 28. Bd3 Rd5 29. Be4 Rd7 30. Bc2 Rc8 31. Bd3 Bxd4
32. Nxd4 Rxd4 33. Be2 Rd2 34. Bf3 b5 35. Bb7 Rcd8 36. Bf3 R8d4 37. g3 R4d3
38. Bg4 f5 39. Bh3 Rf3 40. Bg2 Rfxf2 41. Bb7 a5 42. Bc6 b4 43. axb4 axb4 
44. b3 Rxh2 45. Bf3 Rh3 46. Rc1 Rxg3+ 47. Bg2 Rgxg2+ 0-1

[Event "2015 REGULAR QUAD, S50129"]
[Site "CCLA"]
[Date "2015.03.27"]
[Round "?"]
[White "Lyons, Brenda M."]
[Black "Lines, Daniel"]
[Result "0-1"]
[WhiteElo "1221"]
[BlackElo "1415"]

1. d4 d5 2. Nf3 Nf6 3. Bf4 Bf5 4. e3 e6 5. Bd3 Bxd3 6. Qxd3 Bd6 7. Bxd6 
Qxd6 8. O-O Nc6 9. Nc3 O-O 10. a3 b6 11. b4 Ne4 12. h3 Nxc3 13. Qxc3 f6 
14. Rab1 a5 15. bxa5 Rxa5 16. Ne5 fxe5 17. dxe5 Qc5 18. Qxc5 bxc5 0-1

[Event "2015 REGULAR QUAD, S50129"]
[Site "CCLA"]
[Date "2015.03.27"]
[Round "?"]
[White "Lines, Daniel"]
[Black "Lyons, Brenda M."]
[Result "1-0"]
[WhiteElo "1415"]
[BlackElo "1221"]

1. d4 d5 2. Nf3 Nf6 3. Bf4 Bf5 4. e3 e6 5. Bd3 Bxd3 6. Qxd3 Bd6 7. Bxd6 
Qxd6 8. O-O O-O 9. Ne5 Nc6 10. Nxc6 Qxc6 11. Nc3 b6 12. b3 Ne4 13. Nxe4 
dxe4 14. Qc4 Qxc4 15. bxc4 Rfd8 16. Rfd1 e5 17. dxe5 f5 18. exf6 Rxd1+ 19.
 Rxd1 Kf8 20. fxg7+ Ke8 21. g8=Q+ Ke7 22. Qxa8 Ke6 23. Qg8+ Kf5 24. Qxh7+ 
Kg5 25. Rd5+ Kg4 26. Qxe4# 1-0

[Event "2015 NA Class D Ch - Rd 1 Sect 2, S50121"]
[Site "CCLA"]
[Date "2015.04.27"]
[Round "?"]
[White "Benson, Katie J."]
[Black "Lyons, Brenda M."]
[Result "1/2-1/2"]
[WhiteElo "1185"]
[BlackElo "1221"]

1. d4 d5 2. Nf3 Nf6 3. Bf4 Bf5 4. e3 e6 5. Bd3 Bxd3 6. Qxd3 Bd6 7. Bxd6 
Qxd6 8. Ne5 Ne4 9. O-O O-O 10. Nc3 Nxc3 11. Qxc3 Nd7 12. Nxd7 1/2-1/2

[Event "2015 REGULAR QUAD, S50059"]
[Site "CCLA"]
[Date "2015.02.23"]
[Round "?"]
[White "Shaffer, Aaron"]
[Black "Lines, Daniel"]
[Result "0-1"]
[WhiteElo "1151"]
[BlackElo "1415"]

1. d4 d5 2. Nf3 Nf6 3. Bf4 Bf5 4. e3 e6 5. Bb5+ c6 6. Ba4 Bb4+ 7. Nbd2 O-O
8. O-O Bxd2 9. Qxd2 Ne4 10. Qe2 Nd7 11. c3 Bg4 12. h3 Bxf3 13. Qxf3 Nd2 
0-1

[Event "2015 REGULAR QUAD, S50059"]
[Site "CCLA"]
[Date "2015.02.23"]
[Round "?"]
[White "Shaffer, Aaron"]
[Black "Lyons, Anthony W."]
[Result "0-1"]
[WhiteElo "1151"]
[BlackElo "1235"]

1. d4 d5 2. Nf3 Nf6 3. Bf4 Bf5 4. Nc3 Nc6 5. e3 e6 6. Bb5 a6 7. Ba4 b5 8. 
Bb3 Nb4 9. a3 Nc6 10. Ne5 Nxe5 11. Bxe5 Bd6 12. Bxf6 Qxf6 13. O-O O-O 14. 
Qf3 c5 15. dxc5 Bc7 16. Rfd1 Qd8 17. e4 dxe4 18. Rxd8 exf3 19. Rxf8+ Kxf8 
20. gxf3 Rd8 21. Rd1 Rxd1+ 22. Nxd1 Be5 23. Nc3 Bxc3 24. bxc3 e5 25. a4 f6
26. axb5 axb5 27. c6 Ke8 28. c4 bxc4 29. Bxc4 Kd8 30. c3 Kc7 31. Bd5 Bc2 
32. Be4 Bxe4 33. fxe4 Kxc6 34. Kg2 Kc5 35. Kg3 g6 36. f3 Kc4 37. Kg4 h6 
38. h4 Kxc3 39. f4 Kd4 40. f5 gxf5+ 41. Kxf5 Ke3 42. Kxf6 Kxe4 43. Kg6 Kf3
44. Kxh6 e4 45. Kg5 e3 46. h5 e2 47. h6 e1=Q 48. h7 Qe8 49. Kf6 Qh8+ 50. 
Kg6 Kf4 51. Kh6 Kf5 52. Kh5 Qxh7# 0-1

[Event "2015 REGULAR QUAD, S50059"]
[Site "CCLA"]
[Date "2015.02.23"]
[Round "?"]
[White "Lines, Daniel"]
[Black "Shaffer, Aaron"]
[Result "1-0"]
[WhiteElo "1415"]
[BlackElo "1151"]

1. d4 d5 2. Nf3 Nf6 3. Bf4 Bf5 4. e3 e6 5. Bb5+ Nc6 6. Bxc6+ bxc6 7. O-O 
Bd6 8. Bxd6 Qxd6 9. Ne5 O-O 10. Nc3 c5 11. h3 Ne4 12. Nxe4 Bxe4 13. c3 c6 
14. Qg4 c4 15. b4 a6 16. a4 Kh8 17. a5 f6 18. Nf3 e5 19. dxe5 Bxf3 20. 
Qxf3 Rae8 21. Rfd1 fxe5 22. Qe2 c5 23. Qg4 Qd8 24. Kf1 Qc8 25. Qxc8 Rxc8 
26. Rxd5 Rcd8 27. Rad1 Rxd5 28. Rxd5 Rc8 29. Rxe5 Kg8 30. Rxc5 Rxc5 31. 
bxc5 Kf7 32. e4 Kf6 33. f4 g5 34. g3 gxf4 35. gxf4 h5 36. Ke2 Ke6 37. Ke3 
Kd7 38. Kd4 Kc6 39. Kxc4 Kc7 40. Kd5 Kd7 41. e5 Ke7 42. f5 Kd7 43. f6 Kc7 
44. e6 Kd8 45. c6 Kc8 46. Kd6 Kb8 47. f7 Ka8 48. f8=Q+ Ka7 49. Qf7+ Ka8 
50. e7 Ka7 51. e8=Q# 1-0

[Event "2015 REGULAR QUAD, S50059"]
[Site "CCLA"]
[Date "2015.02.23"]
[Round "?"]
[White "Lyons, Anthony W."]
[Black "Lines, Daniel"]
[Result "0-1"]
[WhiteElo "1235"]
[BlackElo "1415"]

1. d4 d5 2. Nf3 Nf6 3. Bf4 Bf5 4. e3 e6 5. Bb5+ c6 6. Ba4 Bb4+ 7. Nbd2 O-O
8. O-O Bxd2 9. Qxd2 Qb6 10. Bxb8 Raxb8 11. Bb3 Ne4 12. Qd3 Ng3 13. Qd1 
Nxf1 14. Kxf1 Bg4 15. h3 Bh5 16. c3 Bxf3 17. Qxf3 a5 18. Qe2 Ra8 19. f4 a4
20. Bxa4 Rxa4 21. a3 Qa6 22. Qxa6 Rxa6 23. b4 Rfa8 0-1

[Event "Winter Series, S50011"]
[Site "CCLA"]
[Date "2015.01.28"]
[Round "?"]
[White "Owens, Johnny"]
[Black "Sereni, Vincent T."]
[Result "1/2-1/2"]
[WhiteElo "2159"]
[BlackElo "2117"]

1. d4 d5 2. Nf3 Nf6 3. Bf4 Bf5 4. e3 e6 5. c4 Bxb1 6. Rxb1 Bb4+ 7. Ke2 Bd6
8. g3 dxc4 9. Qa4+ Nbd7 10. Bg2 Bxf4 11. gxf4 O-O 12. Qxc4 c6 13. Rhg1 Nd5
14. Qb3 Qc7 15. a3 a5 16. h4 h6 17. Qc2 a4 18. Ne5 Nxe5 19. fxe5 Qa5 20. 
h5 Rac8 21. Be4 c5 22. Rbc1 Qa6+ 23. Ke1 Qa5+ 24. Qd2 Qb6 25. Bxd5 exd5 
26. Rc3 cxd4 27. exd4 Kh8 28. Rcg3 Rg8 29. Kf1 Rc4 30. Rg4 Qc6 31. Qf4 Qa6
32. Kg2 Qe6 33. Rg3 Rc2 34. Rc1 Rgc8 35. Rxc2 Rxc2 36. b3 b5 37. b4 Qd7 
38. Qf3 Rc4 39. Qd3 Qe6 40. Kf1 Qe7 41. Rg4 Qd7 42. Rf4 Kg8 43. Qg3 Qc8 
44. Kg2 Rc3 45. Rf3 Rb3 46. Qf4 Qd7 47. Rg3 Qc8 48. Rf3 Qd7 49. Rg3 
1/2-1/2

[Event "2015 REGULAR QUAD, S50129"]
[Site "CCLA"]
[Date "2015.03.27"]
[Round "?"]
[White "Lyons, Brenda M."]
[Black "Jarmuz, Frederick"]
[Result "0-1"]
[WhiteElo "1221"]
[BlackElo "1945"]

1. d4 d5 2. Nf3 Nf6 3. Bf4 e6 4. Nc3 c5 5. e3 a6 6. Bg5 Be7 7. Be2 Qb6 8. 
b3 Qa5 9. Qd2 cxd4 10. exd4 Bb4 11. O-O-O Bxc3 12. Qd3 Qa3+ 13. Kb1 Qb2# 
0-1

[Event "2015 REGULAR QUAD, S50129"]
[Site "CCLA"]
[Date "2015.03.27"]
[Round "?"]
[White "Lines, Daniel"]
[Black "Jarmuz, Frederick"]
[Result "0-1"]
[WhiteElo "1415"]
[BlackElo "1945"]

1. d4 d5 2. Nf3 Nf6 3. Bf4 e6 4. Nc3 c5 5. e3 a6 6. h3 Nc6 7. Be2 Qb6 8. 
b3 Qa5 9. Qd2 cxd4 10. exd4 Bb4 11. O-O Bxc3 12. Qd3 Bxa1 13. Rxa1 O-O 14.
 Qd2 Qxd2 15. Nxd2 Nxd4 16. Bd3 b5 17. b4 Bb7 18. Rc1 Rfe8 19. Be5 Nc6 20.
 Bxf6 gxf6 21. Nb3 Nxb4 22. a3 Nxd3 23. Rd1 Nf4 24. Nc5 Bc6 25. Nd3 Nxd3 
26. Rxd3 e5 0-1

[Event "Winter Series, S50051"]
[Site "CCLA"]
[Date "2015.01.28"]
[Round "?"]
[White "Metz, Edward"]
[Black "Perry, William E."]
[Result "0-1"]
[WhiteElo "1397"]
[BlackElo "1442"]

1. d4 e6 2. Bf4 d5 3. Nf3 Nf6 4. h3 c5 5. c3 cxd4 6. cxd4 Bb4+ 7. Nbd2 Nc6
8. a3 Ba5 9. b4 Bc7 10. Ne5 Nxd4 11. e3 Nc6 12. Bb5 Bd7 13. O-O Nxe5 14. 
Bxd7+ Nexd7 15. Bg5 O-O 16. Rc1 Rc8 17. e4 dxe4 18. Nxe4 Bb8 19. Nxf6+ 
Nxf6 20. Qf3 Rxc1 21. Rxc1 h6 22. Bxf6 Qxf6 23. Qxb7 Qb2 24. Qc6 Qxa3 25. 
b5 Qd6 26. g3 Qxc6 27. bxc6 Rc8 28. f4 Kf8 29. Kf2 Ke7 0-1

[Event "2015 REGULAR QUAD, S50359"]
[Site "CCLA"]
[Date "2015.08.08"]
[Round "?"]
[White "Benson, Katie J."]
[Black "Fullen, Peter J."]
[Result "0-1"]
[WhiteElo "1199"]
[BlackElo "1359"]

1. d4 Nf6 2. Nf3 d5 3. Bf4 c5 4. e3 Qb6 5. b3 Nc6 6. a3 cxd4 7. exd4 Bg4 
8. Be2 Bxf3 9. Bxf3 Qxd4 10. Qxd4 Nxd4 11. Bd1 e6 12. Be5 Bc5 13. Bxf6 
gxf6 14. O-O O-O-O 15. c3 Nf5 16. Bg4 Nh6 17. Be2 Rhg8 18. b4 Bb6 19. h3 
Nf5 20. Nd2 Ne3 21. fxe3 Bxe3+ 22. Rf2 Bxd2 23. c4 Be3 24. Kf1 Bxf2 25. 
Kxf2 dxc4 26. Bxc4 Rg5 27. Bd3 Rxd3 28. Ra2 Rdg3 0-1

[Event "2015 Regular Quad, S50039"]
[Site "CCLA"]
[Date "2015.02.02"]
[Round "?"]
[White "Metz, Edward"]
[Black "Pronovost, David"]
[Result "0-1"]
[WhiteElo "1397"]
[BlackElo "1731"]

1. d4 Nf6 2. Bf4 d5 3. Nf3 c5 4. e3 Nc6 5. Nbd2 Qb6 6. Rb1 cxd4 7. exd4 
Nxd4 8. Be3 Nxf3+ 9. Qxf3 Qa5 10. a3 e5 11. h3 h6 12. c3 Bd7 13. Nb3 Qc7 
14. Qg3 Ne4 15. Qf3 Be7 16. Bd3 Nf6 17. O-O e4 18. Bxe4 dxe4 19. Qe2 O-O 
20. Nd4 a6 21. Rbd1 Rfe8 22. f3 Bc5 23. Qc4 Bb5 24. Qb3 Bxf1 25. Kxf1 exf3
0-1

[Event "Winter Series, S50011"]
[Site "CCLA"]
[Date "2015.01.28"]
[Round "?"]
[White "Owens, Johnny"]
[Black "Jones, Jan"]
[Result "1/2-1/2"]
[WhiteElo "2159"]
[BlackElo "2228"]

1. d4 d5 2. Nf3 Nf6 3. Bf4 c5 4. e3 Nc6 5. dxc5 e6 6. c4 Bxc5 7. cxd5 Nxd5
8. Bg3 O-O 9. a3 Qe7 10. b4 Bd6 11. Bxd6 Qxd6 12. Be2 Rd8 13. O-O e5 14. 
Ra2 Be6 15. Rd2 e4 16. Ng5 Qe5 17. Nxe6 fxe6 18. Qb3 Rac8 19. Rc2 Nce7 20.
 Rfc1 Rxc2 21. Rxc2 Nf5 22. Bc4 Kh8 23. Nd2 Nd6 24. Nf1 Kg8 25. Rd2 Ne8 
26. h3 Nef6 27. Rd4 Rc8 28. a4 g6 29. a5 Kg7 30. Nd2 h5 31. Qb1 Nc3 32. 
Qb2 Ncd5 33. Ba2 Rc6 34. b5 Rc5 35. b6 axb6 36. axb6 Kh7 37. Qa3 Qd6 38. 
Nc4 Qc6 39. g3 Kg7 40. Bb3 e5 41. Nxe5 Rc1+ 42. Rd1 Rxd1+ 43. Bxd1 Qxb6 
44. Bb3 Qb4 45. Qb2 Qc3 46. Qxc3 Nxc3 1/2-1/2

[Event "Winter Series, S50051"]
[Site "CCLA"]
[Date "2015.01.28"]
[Round "?"]
[White "Metz, Edward"]
[Black "Sanchez, David A."]
[Result "0-1"]
[WhiteElo "1397"]
[BlackElo "1449"]

1. d4 d5 2. Nf3 Nf6 3. Bf4 c5 4. e3 Nc6 5. Nbd2 Qb6 6. Rb1 cxd4 7. exd4 
Nxd4 8. h3 Bf5 9. Nxd4 Qxd4 10. Bb5+ Bd7 11. Bxd7+ Nxd7 12. Be3 Qa4 13. a3
e5 14. O-O Be7 15. Nb3 Nf6 16. Bg5 Rd8 17. f3 O-O 18. Re1 e4 19. Bxf6 Bxf6
20. Nc5 Bd4+ 21. Kh1 Bxc5 22. b4 Bb6 23. fxe4 dxe4 24. Qg4 e3 25. Rb3 Rd2 
26. Qe4 Qc6 27. Qxc6 bxc6 28. Rc3 e2 29. Rf3 Rd1 0-1

[Event "Winter Series, S50051"]
[Site "CCLA"]
[Date "2015.01.28"]
[Round "?"]
[White "Metz, Edward"]
[Black "Nurmi, Ronald"]
[Result "0-1"]
[WhiteElo "1397"]
[BlackElo "1458"]

1. d4 d5 2. Nf3 Nf6 3. Bf4 c5 4. e3 Nc6 5. b3 Bf5 6. c3 e6 7. h3 h6 8. 
Nbd2 Be7 9. Be2 O-O 10. g4 Bg6 11. h4 Nxg4 12. Rg1 Nf6 13. Ne5 Nxe5 14. 
dxe5 Ne4 15. h5 Nxc3 16. Qc1 Nxe2 17. Kxe2 Bxh5+ 18. f3 Bg6 19. Qb2 Rc8 
20. Rad1 b5 21. a4 c4 22. axb5 c3 0-1

[Event "2015 REGULAR QUAD, S50359"]
[Site "CCLA"]
[Date "2015.08.08"]
[Round "?"]
[White "Cantrell, Dennis"]
[Black "Fullen, Peter J."]
[Result "0-1"]
[WhiteElo "1117"]
[BlackElo "1359"]

1. Nf3 d5 2. g3 Nf6 3. Bg2 c6 4. O-O Bg4 5. d4 Nbd7 6. Be3 e6 7. Nc3 Be7 
8. Bf4 O-O 9. Nd2 c5 10. b3 a6 11. dxc5 Bxc5 12. Nf3 b5 13. Qd3 Qb6 14. e3
Bf5 15. Qe2 Bb4 16. Qd2 Qa5 17. Rad1 Bxc3 0-1

[Event "2015 Regular Quad, S50039"]
[Site "CCLA"]
[Date "2015.02.02"]
[Round "?"]
[White "Tarrant, Johnny L."]
[Black "Williams, Rufus H."]
[Result "0-1"]
[WhiteElo "1154"]
[BlackElo "1309"]

1. d4 d5 2. Nf3 Nf6 3. e3 Bg4 4. Be2 e6 5. O-O Bd6 6. Ne5 Bxe2 7. Qxe2 
Bxe5 8. dxe5 Ne4 9. Na3 c6 10. Qg4 Qg5 11. h3 Qxg4 12. hxg4 Nd7 13. c4 h5 
14. f3 Ng3 15. Re1 hxg4 16. f4 Rh1+ 17. Kf2 Ne4+ 18. Ke2 Rxe1+ 19. Kxe1 
Ke7 0-1

[Event "Winter Series, S50041"]
[Site "CCLA"]
[Date "2015.01.28"]
[Round "?"]
[White "Rasmussen, Bruce A."]
[Black "McLaughlin, Ed"]
[Result "0-1"]
[WhiteElo "1373"]
[BlackElo "1493"]

1. d4 Nf6 2. e3 g6 3. Nf3 d5 4. Bd3 Bg7 5. O-O O-O 6. Ne5 Ne4 7. Nd2 f5 8.
 f4 Nd7 9. c4 Nxe5 10. fxe5 b6 11. Qb3 Nxd2 12. Bxd2 Be6 13. Bb4 a5 14. 
cxd5 Bxd5 15. Bc4 c6 16. Rac1 axb4 17. Qxb4 e6 18. Qxb6 Qxb6 0-1

[Event "Winter Series, S50041"]
[Site "CCLA"]
[Date "2015.01.28"]
[Round "?"]
[White "Rasmussen, Bruce A."]
[Black "Smiley, William R."]
[Result "0-1"]
[WhiteElo "1373"]
[BlackElo "1587"]

1. d4 d5 2. Nf3 Nf6 3. e3 c6 4. Bd3 e6 5. Nbd2 Nbd7 6. b3 b6 7. Bb2 Be7 8.
 Ne5 Bb7 9. f4 O-O 10. O-O Rc8 11. Rf3 Re8 12. Rh3 Nf8 13. g4 N6d7 14. g5 
Nxe5 15. dxe5 g6 16. Rh6 Bxg5 17. Rh3 Be7 18. e4 f5 19. exf5 gxf5 20. Rg3+
Kh8 21. Qh5 Rc7 22. Nf3 Qd7 23. Ng5 Bxg5 24. Qxg5 Qg7 25. Qh5 Ng6 26. Rb1 
Rf7 27. Rg5 Ref8 28. c4 Nxf4 29. Qh4 Qxg5+ 30. Qxg5 Nh3+ 0-1

[Event "2015 NA Class B Ch Finals, S50189"]
[Site "CCLA"]
[Date "2015.04.27"]
[Round "?"]
[White "Avery, Bryce"]
[Black "Jarmuz, Frederick"]
[Result "0-1"]
[WhiteElo "1668"]
[BlackElo "1945"]

1. d4 d5 2. Nf3 Nf6 3. e3 c6 4. Bd3 Bg4 5. c4 e6 6. Nc3 Bd6 7. h3 Bxf3 8. 
Qxf3 O-O 9. O-O Nbd7 10. b3 Qe7 11. cxd5 exd5 12. a3 Ne5 13. Qe2 Nxd3 14. 
Qxd3 Rfe8 15. b4 Bc7 16. Bd2 Qd6 17. g3 Qe6 18. Kg2 a6 19. a4 Bd6 20. b5 
cxb5 21. axb5 a5 22. Na4 Ne4 23. Nb6 Nxd2 24. Nxa8 Nxf1 25. Qxf1 Rxa8 26. 
b6 a4 27. Qb5 a3 0-1

[Event "Summer Series, S50311"]
[Site "CCLA"]
[Date "2015.07.25"]
[Round "?"]
[White "Disque, Philip"]
[Black "Hadley, Douglas R."]
[Result "1-0"]
[WhiteElo "1614"]
[BlackElo "1660"]

1. Nf3 d5 2. d4 Nf6 3. e3 c5 4. b3 Nc6 5. Bb2 Bg4 6. Nbd2 cxd4 7. exd4 e6 
8. Be2 Be7 9. O-O O-O 10. h3 Bxf3 11. Nxf3 Qa5 12. a3 Rfd8 13. Re1 Rac8 
14. Bd3 h6 15. c3 Qc7 16. Qe2 a6 17. Ne5 b5 18. b4 Bd6 19. f4 Re8 20. g4 
Nd7 21. g5 Ncxe5 22. dxe5 Bf8 23. gxh6 gxh6 24. Qh5 Bg7 25. Re3 Nf8 26. 
Rg3 Kh8 27. Qg4 Ng6 28. Bxg6 fxg6 29. Qxg6 Qe7 30. Qh5 Rg8 31. Kh2 Rcf8 
32. Bc1 Qf7 33. Qxf7 Rxf7 34. Ra2 Kh7 35. Rag2 Rff8 36. Rg6 Re8 37. Bd2 
Bh8 38. Rxg8 Rxg8 39. Rg4 Rxg4 40. hxg4 Kg6 41. Kg3 Bg7 42. Be3 Bf8 43. 
Bc5 Bg7 44. Kh4 Bh8 45. Bf8 Bg7 46. Bxg7 Kxg7 47. Kh5 Kh7 48. f5 Kg7 49. 
f6+ Kh7 50. f7 Kg7 51. f8=Q+ Kxf8 52. Kxh6 Kf7 53. Kh7 1-0

[Event "Pemier Quad, S50139"]
[Site "CCLA"]
[Date "2015.04.03"]
[Round "?"]
[White "Blankenship, Jerry T."]
[Black "Vecchio, Ralph"]
[Result "0-1"]
[WhiteElo "1564"]
[BlackElo "1849"]

1. d4 d5 2. e3 Nf6 3. Bd3 e6 4. Nf3 c5 5. c4 Nc6 6. cxd5 exd5 7. b3 cxd4 
8. Nxd4 Nxd4 9. exd4 Bb4+ 10. Nd2 Bc3 11. Rb1 Qe7+ 12. Qe2 Qxe2+ 13. Kxe2 
Bxd4 14. Bb2 Bb6 15. Rhe1 O-O 16. Kf1 Ng4 17. f3 Ne3+ 0-1

[Event "2015 REGULAR QUAD, S50149"]
[Site "CCLA"]
[Date "2015.04.10"]
[Round "?"]
[White "Stevenson, Wayne"]
[Black "Klimushyn, Charles"]
[Result "1-0"]
[WhiteElo "1702"]
[BlackElo "1156"]

1. d4 Nf6 2. Nf3 e6 3. e3 c5 4. Bd3 d5 5. b3 Nbd7 6. O-O b6 7. Nbd2 Bb7 8.
 Bb2 Be7 9. dxc5 Nxc5 10. Bb5+ Nfd7 11. Bxg7 Rg8 12. Bd4 a6 13. Be2 Qc7 
14. c4 Bd6 15. Rc1 Ke7 16. Qc2 dxc4 17. Qxh7 cxb3 18. axb3 Qd8 19. b4 Na4 
20. Nc4 Bxb4 21. Rfd1 Qf8 22. Nce5 Bd6 23. Qh4+ Nf6 24. Ng4 Rxg4 25. Bxf6+
Kd7 26. Ne5+ 1-0

[Event "2015 Server Team Ch - Div 1, S51999"]
[Site "CCLA"]
[Date "2015.10.30"]
[Round "?"]
[White "Thompson, Brian"]
[Black "Cooper, Ronald A."]
[Result "0-1"]
[WhiteElo "2343"]
[BlackElo "1982"]
[Board "6"]
[WhiteTeam "BCCA Kings"]
[BlackTeam "BCCA Rooks"]

1. d4 Nf6 2. Nf3 d5 3. e3 e6 4. Bd3 c5 5. b3 Nc6 6. O-O Be7 7. Bb2 cxd4 8.
 exd4 O-O 9. Nbd2 b6 10. Re1 Nb4 11. Be2 Nc6 12. a3 Bb7 13. Bd3 Rc8 14. 
Re3 g6 15. Qf1 Re8 16. g3 Bf8 17. Rae1 Ne7 18. Qh3 Nf5 19. R3e2 Bg7 20. 
Ne5 Ne4 21. Ndf3 Rc7 22. c4 f6 23. Ng4 Nfd6 24. Ne3 dxc4 25. bxc4 f5 26. 
Qf1 Nf7 27. Nc2 Nc5 28. Re3 Nxd3 29. Qxd3 Bxf3 30. Rxf3 Ng5 31. Rfe3 Qa8 
32. f3 f4 33. gxf4 Nh3+ 34. Kf1 Nxf4 35. Qb3 Qd8 36. Rd1 Qh4 37. Re4 Qh3+ 
38. Ke1 Qxh2 39. d5 Bxb2 40. Qxb2 Rxc4 0-1

[Event "2015 Regular Quad, S50019"]
[Site "CCLA"]
[Date "2015.01.16"]
[Round "?"]
[White "Rasmussen, Bruce A."]
[Black "Catania, Duane"]
[Result "0-1"]
[WhiteElo "1373"]
[BlackElo "1642"]

1. d4 e6 2. Nf3 d5 3. e3 Nf6 4. Bd3 c5 5. b3 Nc6 6. Bb2 Bd6 7. Ne5 O-O 8. 
f4 Nb4 9. Be2 Ne4 10. O-O f6 11. c3 Nc6 12. c4 fxe5 13. fxe5 Be7 14. Nd2 
cxd4 15. exd4 Rxf1+ 16. Qxf1 Nxd2 17. Qf4 Ne4 18. Rf1 Bd7 19. Qf7+ Kh8 20.
 Qh5 Qg8 21. Bg4 Rf8 22. cxd5 Rxf1+ 23. Kxf1 Be8 24. Qh3 Qf8+ 25. Bf3 exd5
26. Qe6 Nd2+ 27. Ke2 Nxf3 28. gxf3 Bf7 29. Qd7 Nd8 30. f4 Be6 31. Qa4 Qxf4
32. Qe8+ Qf8 33. Qh5 Qf7 34. Qxf7 Bxf7 0-1

[Event "2015 Regular Quad, S50019"]
[Site "CCLA"]
[Date "2015.01.16"]
[Round "?"]
[White "Rasmussen, Bruce A."]
[Black "Haase, F. Philip"]
[Result "0-1"]
[WhiteElo "1373"]
[BlackElo "1813"]

1. d4 Nf6 2. Nf3 d5 3. e3 e6 4. Bd3 c5 5. b3 Nc6 6. Bb2 Bd6 7. Nbd2 O-O 8.
 Ne5 cxd4 9. exd4 Qc7 10. f4 Nb4 11. Be2 Nxc2+ 12. Kf1 Nxa1 13. Qxa1 Bb4 
14. Ndf3 Ne4 15. Qb1 f6 16. Ng4 Qxf4 17. h3 Nd2+ 0-1

[Event "Winter Series, S50041"]
[Site "CCLA"]
[Date "2015.01.28"]
[Round "?"]
[White "Rasmussen, Bruce A."]
[Black "Stevenson, Wayne"]
[Result "0-1"]
[WhiteElo "1373"]
[BlackElo "1702"]

1. d4 e6 2. Nf3 Nf6 3. e3 d5 4. Bd3 c5 5. b3 Nc6 6. Bb2 cxd4 7. exd4 Be7 
8. O-O Bd7 9. Nbd2 O-O 10. Ne5 Nb4 11. Be2 a5 12. c3 Nc6 13. f4 Ne4 14. 
Bd3 f5 15. Rf3 Nxe5 16. fxe5 Bg5 17. Rh3 Nxd2 18. Bc1 Ne4 19. Qh5 h6 20. 
Bxe4 fxe4 21. Ba3 Be8 22. Qg4 Rf2 23. Kxf2 e3+ 24. Kf3 Qd7 25. Rc1 Qf7+ 
26. Ke2 Qf2+ 27. Kd1 Qd2# 0-1

[Event "2015 NA Class B Ch Finals, S50189"]
[Site "CCLA"]
[Date "2015.04.27"]
[Round "?"]
[White "Disque, Philip"]
[Black "Capuzzi, Gabriele"]
[Result "1-0"]
[WhiteElo "1603"]
[BlackElo "1617"]

1. Nf3 d5 2. d4 c5 3. e3 e6 4. b3 Nc6 5. Bd3 Nf6 6. O-O Qb6 7. Bb2 Bd7 8. 
Nbd2 Be7 9. c3 O-O 10. Ne5 cxd4 11. Nxd7 Nxd7 12. exd4 Nf6 13. Re1 Rfd8 
14. Re3 Bf8 15. Rh3 g6 16. Qf3 Bg7 17. Re1 Ne7 18. g4 Qd6 19. g5 Nh5 20. 
Rh4 Nf5 21. Rxh5 gxh5 22. Qxh5 h6 23. Nf3 Qf8 24. Kh1 f6 25. gxh6 Bxh6 26.
 Rg1+ Kh8 27. Bxf5 exf5 28. Ba3 Qf7 29. Qxh6+ 1-0